Atando teoría y práctica en la labor docente /
Guardado en:
| Autor Principal: | |
|---|---|
| Otros Autores: | |
| Formato: | Libro |
| Publicado: |
México :
Paidós
|
| Series: | Paidós educador; No. 168
|
| Materias: | |
| Etiquetas: |
Agregar Etiqueta
Sin Etiquetas, Sea el primero en etiquetar este registro!
|
| LEADER | 00793nam a22002775a 4500 | ||
|---|---|---|---|
| 001 | CEM.cems011632 | ||
| 005 | 20071012160637.0 | ||
| 008 | 130507b######################000#0#####d | ||
| 003 | CEMS | ||
| 020 | |a 9688535354 | ||
| 082 | 0 | 4 | |a 371 |
| 100 | 1 | |a Aguilar Mejía, Estela | |
| 245 | 1 | 0 | |a Atando teoría y práctica en la labor docente / |c Estela Aguilar Mejía, Leonardo Viniegra Velázquez |
| 260 | |a México : |b Paidós | ||
| 300 | |a 206 p. | ||
| 490 | 0 | |a Paidós educador; No. 168 | |
| 653 | |a Educación | ||
| 653 | |a Didáctica | ||
| 653 | |a Práctica educativa | ||
| 653 | |a Pedagogía | ||
| 653 | |a Aprendizaje | ||
| 653 | |a Aptitudes | ||
| 653 | |a Juego | ||
| 653 | |a Lenguaje | ||
| 700 | 1 | |a Viniegra Velázquez, Leonardo | |
| 859 | |a CEMS |b BIB. CEMS - 11 de abril |h 371 |i Ag93 |p 22583.04 |t Ej.1 | ||
